书目信息 |
| 题名: |
整流与变换设备
|
|
| 作者: | ;河北省邮电学校 编 | |
| 分册: | 下册 | |
| 出版信息: | 北京 人民邮电出版社 1980-1981 |
|
| 页数: | 244页 | |
| 开本: | 19cm | |
| 丛书名: | ||
| 单 册: | ||
| 中图分类: | TM303.2 | |
| 科图分类: | ||
| 主题词: | 整流器 , 电机 | |
| 电子资源: | ||
| ISBN: | ||
| 000 | 00674nam0 2200241 45 | |
| 001 | 0180006234 | |
| 005 | 20060814111646.79 | |
| 010 | @dCNY0.70 | |
| 091 | @aCN@b15045.总2485-有5203(下) | |
| 100 | @a19950619f19801981em y0chiy0121 ea | |
| 101 | 0 | @achi |
| 102 | @aCN@b110000 | |
| 105 | @ay z 000yy | |
| 200 | 10 | @a整流与变换设备@Azheng liu yu bian huan she bei@f河北省邮电学校编@h下册 |
| 210 | @a北京@c人民邮电出版社@d1980-1981 | |
| 215 | @a244页@d19cm | |
| 606 | @a整流器 | |
| 606 | @a电机 | |
| 690 | @aTM303.2@v3 | |
| 711 | 02 | @a河北省邮电学校@Ahe bei sheng you dian xue xiao@4编 |
| 801 | 2 | @aCN@bNLC@c20060814 |
| 801 | 0 | @aCN@bTSSF |
| 905 | @a10447@dTM303.2@e35:2 | |
| 整流与变换设备/河北省邮电学校编.下册.-北京:人民邮电出版社,1980-1981 |
| 244页;19cm |
| ISBN :CNY0.70 |
| ● |
| 相关链接 |
|
|
|
|
正题名:整流与变换设备
索取号:TM303.2/35:2
 
预约/预借
| 序号 | 登录号 | 条形码 | 馆藏地/架位号 | 状态 | 备注 |
| 1 | 0458167 | 204581675 | 密集书库/ [索取号:TM303.2/35:2] | 在馆 |